000 00505nam a2200181Ia 4500
999 _c23194
_d23194
003 OSt
005 20201116124200.0
008 190216s9999||||xx |||||||||||||| ||und||
020 _a9780140135848
040 _coclc
082 _a901
_bCAR/W
100 _aCarr, Edward Hallett
_92645
245 0 _aWhat Is History /
_cEdward Hallett Carr
260 _bPenguin Books,
_c1990.
_aEngland:
300 _a188p
650 _aIslamic History
942 _cBK
_2ddc
_h901
_iCAR/W
_k901
_mCAR/W